00501nam a2200169Ia 450000500170000000800410001702000150005808200150007310000150008824500250010326000400012830000130016850000310018194200060021295200980021899900150031620250528012610.0240331s9999 xx 000 0 und d a9559570706 a302.2bWER aWergama, G 0aDashakayaka cinemava aColombobS. Godage & Brothersc1994 a143 p ., aA decade of cinema ( 1980) cL 001040708LaWERCLbWERCLcSSCd2024-03-31l0o 302.2 WERp3776r2024-03-31w2024-03-31yL c1201d1201